• 首页
  • 本馆介绍
  • 公告通知
  • 最新文献
  • 馆藏检索
  • 电子资源
  • 读者导购
  • 参考咨询
  • 我的图书馆
  • 登录
  • 详细信息显示
  • 放入我的书架
  • 预约/预借图书
  • 作者相关作品
  • 分类相关作品
  • 丛书相关作品
  • 出版社相关作品

书目信息

  • 表格格式
  • 工作单格式
  • 卡片格式
题名:
中国古代文学作品选
    
 
作者: ;石家庄师专中文科 编
分册: 上编  
出版信息: 石家庄   石家庄师专中文科  1981.12
页数: 724页
开本: 21cm
丛书名:
单 册:
中图分类: I206.2
科图分类:
主题词: 文学--中国
电子资源:
ISBN:
000 00553nam0 2200181 45
001 0312221749
005 20060418152059.03
010    @dCNY2.30
100    @a20031222d1981 km y0chiy0120 ea
101    @achi
200 1  @a中国古代文学作品选@AZhong Guo Gu Dai Wen Xue Zuo Pin Xuan@h上编@f石家庄师专中文科编@FShi Jia Zhuang Shi Zhuan Zhong Wen Ke Bian
210    @a石家庄@c石家庄师专中文科@d1981.12
215    @a724页@d21cm
606 0  @a文学@y中国
690    @aI206.2@v3
711 02 @a石家庄师专中文科@4编
801    @aCN@bTSTCL@c20060418
905    @dI206.2@e10:1
    
    中国古代文学作品选.上编/石家庄师专中文科编.-石家庄:石家庄师专中文科,1981.12
    724页;21cm
    
    
    ISBN :CNY2.30
    
●
相关链接 在E读中查询图书 在五车中查询图书 在当当中查询图书 在豆瓣中查询图书


正题名:中国古代文学作品选     索取号:I206.2/10:1         预约/预借

序号 登录号 条形码 馆藏地/架位号 状态 备注
1 0070061   001625931   密集书库/ [索取号:I206.2/10:1] 在馆    
2 0070062   001671729   密集书库/ [索取号:I206.2/10:1] 在馆    
3 0070063   001671685   密集书库/ [索取号:I206.2/10:1] 在馆    
4 0070064   001671612   密集书库/ [索取号:I206.2/10:1] 在馆    
5 0070065   000668548   第二借阅区/ [索取号:I206.2/10:1] 在馆    
6 0070066   001671916   密集书库/ [索取号:I206.2/10:1] 在馆    
7 0070067   001850786   密集书库/ [索取号:I206.2/10:1] 在馆    
8 0070068   000668557   第一样本阅览室/ [索取号:I206.2/10:1] 在馆    
9 0070069   202248549   密集书库/ [索取号:I206.2/10:1] 在馆    
10 0070070   000668575   第二借阅区/ [索取号:I206.2/10:1] 在馆    
唐山师范学院图书馆 欢迎您!
大连网信软件有限公司© 版权所有